|
|
|
|
| LEADER |
00903naa a2200205 i 4500 |
| 001 |
acta78818 |
| 005 |
20230526153011.0 |
| 008 |
230526s2022 hu o 0|| eng d |
| 020 |
|
|
|a 978-963-306-906-6
|
| 040 |
|
|
|a SZTE Egyetemi Kiadványok Repozitórium
|b hun
|
| 041 |
|
|
|a eng
|
| 100 |
1 |
|
|a Tóth Zsófia Anna
|
| 245 |
1 |
0 |
|a Jane Austen, the humourist
|h [elektronikus dokumentum] /
|c Tóth Zsófia Anna
|
| 260 |
|
|
|a Szegedi Tudományegyetem Bölcsészet- és Társadalomtudományi Kar Angol-Amerikai Intézet
|b Szeged
|c 2022
|
| 300 |
|
|
|a 959-970
|
| 490 |
0 |
|
|a Fidele signaculum : írások Szőnyi György Endre tiszteletére = Writings in Honour of György Endre Szőnyi
|
| 650 |
|
4 |
|a Bölcsészettudományok
|
| 650 |
|
4 |
|a Nyelvek és irodalom
|
| 695 |
|
|
|a Jane Austen, Angol irodalom története - 18-19. sz.
|
| 856 |
4 |
0 |
|u http://acta.bibl.u-szeged.hu/78818/1/fidele_signaculum_2022_959-970.pdf
|z Dokumentum-elérés
|